000 00703nam a2200253 a 4500
005 20210219152954.0
008 991125n 000 0 u
035 _aUPN01000069875
100 _aHill, Maggie
222 _aELECTRONIC LEARNING IN YOUR CLASSROOM
245 _aCover story : the new literacy / [et al.]
300 _a28-34
362 _a12, No. 1, 1992
505 _aFebrero 1993
653 0 _aALFABETIZACION FUNCIONAL
653 0 _aDESARROLLO CURRICULAR
653 0 _aDESTREZAS DEL PENSAMIENTO
653 0 _aHABILIDAD COMUNICATIVA
653 0 _aPENSAMIENTO CRITICO
700 _aMarzano, Robert J.
700 _aGould, John
904 _aAC
_b007686
905 _aArticulo
999 _c65151
_d65151